000 00364nam a2200133Ia 4500
008 100328s9999 xx 000 0 und d
082 _b68928
100 _aगोविलकर सुमती.
245 _aस्वरसुाा.
260 _bपारस.
630 _aस्वरसुाा.
730 _aस्वरसुाा.
942 _cBOOK
999 _c554661
_d554658